| 000 | 01377nam a2200325 a 4500 | ||
|---|---|---|---|
| 001 | 000025299 | ||
| 003 | DO-SdBNP | ||
| 005 | 20171011094644.0 | ||
| 007 | 000025299 | ||
| 008 | 110214s2009 dr ac 000 0 spa d | ||
| 020 | _a9993484903 | ||
| 040 |
_aBPMSU _bspa _cBPMSU |
||
| 082 | 4 |
_a923.1 _bL965C |
|
| 100 | 1 | _aCassá, Roberto | |
| 245 | 1 | 0 |
_aGregorio Luperón : _bEl guerrero de la libertad / _cRoberto Cassá ; ilustraciones Ramiro Manzano. |
| 260 |
_aSanto Domingo : _bTobogan, _c2001 _g2005 (reimpresión) |
||
| 300 |
_a67 p. : _bil. ; _c21 cm. |
||
| 490 | 1 | _aBiografías dominicanas Topogan | |
| 504 | _aBibliografía: p. 67 | ||
| 505 | 0 |
_tPortaestandarte de la soberanía -- _tBreve anonimato del joven precoz -- _tDe proscrito a rebelde -- _tGeneral mambí -- _tAzul intransigente -- _tEn búsqueda de la hegemonía -- _tPresidente provisional -- _tDilemas ideológicos y gubernamentales -- _tLa infructuosa búsqueda del equilibrio -- _tEl guerrero vencido. |
|
| 600 | 1 | 4 |
_aLUPERÓN, GREGORIO _d1839-1897 |
| 651 | 4 |
_aREPÚBLICA DOMINICANA _xBIOGRAFÍAS |
|
| 651 | 4 |
_aREPÚBLICA DOMINICANA _yHISTORIA, 1865-1916 |
|
| 700 | 1 | 2 |
_aManzano, Ramiro _eil. |
| 830 | 0 | _aBiografías dominicanas Topogan | |
| 910 | _aValidado. Control de calidad MFF | ||
| 942 |
_2ddc _cBK |
||
| 945 | _aTítulo remanejado para BNPHU/ 2017 VM | ||
| 956 |
_aVMATEO _b10 _c20110215 _lBPMSU _h0069 |
||
| 999 |
_c7348 _d7348 |
||